Statistiques concernant Les réalisateur.ice.s du Top 250 de Letterboxd

Cliquez ici pour prendre le quiz!

Statistiques générales

  • Ce quiz a été pris 44 fois
    (9 depuis la dernière actualisation)
  • Le résultat moyen est 31 sur 154

Statistiques - réponses

Pays d'originePosition des filmsRéponse% Correct
Japon4, 6, 14, 16, 106, 127, 172, 220, 225Akira Kurosawa
75%
Russie41, 42, 92, 131, 176, 193Andrei Tarkovski
75%
USA5, 9, 34Francis Ford Coppola
75%
Suède29, 46, 49, 79, 87, 97, 215Ingmar Bergman
75%
Japon204Kiyoshi Kurosawa
75%
USA13, 216Steven Spielberg
75%
USA40Damien Chazelle
63%
France116François Truffaut
63%
USA22, 128, 188, 209Martin Scorsese
63%
Italie19, 64, 246Sergio Leone
63%
USA30, 58, 129, 135, 200Stanley Kubrick
63%
Royaume-Uni93, 121, 162Charlie Chaplin
50%
USA104, 166David Fincher
50%
USA194, 222David Lynch
50%
Canada21, 52, 150Denis Villeneuve
50%
Chine103Hu Bo
50%
USA154James Cameron
50%
Japon1, 8, 20, 50, 210Masaki Kobayashi
50%
Corée du Sud48, 59Park Chan-Wook
50%
USA27, 233, 240Paul Thomas Anderson
50%
USA90, 167, 174Quentin Tarantino
50%
USA160Ridley Scott
50%
Italie95Roberto Benigni
50%
USA3, 124, 175Sidney Lumet
50%
USA169, 195Wes Anderson
50%
Allemagne57, 130, 180Wim Wenders
50%
Royaume-Uni69, 111, 203Alfred Hitchcock
38%
Autriche35, 38, 94, 177, 189, 199Billy Wilder
38%
Corée du Sud7, 47Bong Joon-Ho
38%
USA23, 88, 212, 221Christopher Nolan
38%
Royaume-Uni80, 123, 226David Lean
38%
Taïwan11, 18Edward Yang
38%
Italie75, 132, 158Federico Fellini
38%
Italie31Giuseppe Tornatore
38%
Japon26, 70, 112Hayao Miyazaki
38%
Japon28, 211Isao Takahata
38%
USA83John Carpenter
38%
Allemagne237Michael Haneke
38%
USA249Orson Welles
38%
Nouvelle-Zélande17, 60, 73Peter Jackson
38%
France72, 146Roman Polanski
38%
USA55Spike Lee
38%
Danemark148, 157Thomas Vinterberg
38%
Japon36, 108, 247Yasujiro Ozu
38%
Iran45, 86, 119, 213Abbas Kiarostami
25%
Mexique133Alfonso Cuarón
25%
Iran77Asghar Farhadi
25%
Hongrie76, 122Béla Tarr
25%
Russie2Elem Klimov
25%
USA62Frank Capra
25%
USA10, 236Frank Darabont
25%
USA140Gus Van Sant
25%
France113Henri-Georges Clouzot
25%
Japon84, 117, 141, 143Hirokazu Kore-eda
25%
France33Jacques Becker
25%
France100, 183Jean-Pierre Melville
25%
France15Mathieu Kassovitz
25%
USA168Michael Mann
25%
Australie184, 250Peter Weir
25%
France89Robert Bresson
25%
Japon74Sion Sono
25%
Hong Kong53, 139, 234Wong Kar-Wai
25%
Canada118Xavier Dolan
25%
USA202Brad Bird
13%
USA71Buster Keaton
13%
Danemark39, 101Carl Theodor Dreyer
13%
France37Céline Sciamma
13%
Royaume-Uni207Charlotte Wells
13%
Chine152Chen Kaige
13%
USA218Dean Fleischer Camp
13%
Allemagne137Ernst Lubitsch
13%
USA102, 242Ethan Coen
13%
Brésil12Fernando Meirelles
13%
Allemagne115, 182Fritz Lang
13%
Italie63Gille Pontecorvo
13%
Japon24, 181, 223Hideaki Anno
13%
Japon32, 245Hiroshi Teshigahara
13%
Portugal25Joaquim dos Santos
13%
USA102, 242Joel Coen
13%
USA61, 186John Cassavetes
13%
USA196John Ford
13%
USA99Jonathan Demme
13%
Slovaquie201Juraj Herz
13%
Pologne91Krzysztof Kieślowski
13%
Italie159Luchino Visconti
13%
Italie161Marco Tullio Giordana
13%
USA163Michael Curtiz
13%
Italie178Michelangelo Antonioni
13%
Russie54, 81Mikhail Kalatozov
13%
République tchèque78, 114Miloš Forman
13%
USA239Roger Allers
13%
Japon56, 231Satoshi Kon
13%
Inde109, 138, 235Satyajit Ray
13%
Grèce82, 107, 156Theo Angelopoulos
13%
USA208William Friedkin
13%
Allemagne153Wolfgang Petersen
13%
France227Abel Gance
0%
Australie228Adam Eliott
0%
USA214Alexander Mackendrick
0%
USA230Alexander Payne
0%
USA120Bob Fosse
0%
USA43Bob Persichetti
0%
Royaume-Uni173Carol Reed
0%
Belgique179Chantal Akerman
0%
Royaume-Uni170Charles Laughton
0%
Grèce145Costa-Gavras
0%
Roumanie229Cristian Mungiu
0%
USA125Daniel Kwan
0%
USA125Daniel Scheinert
0%
USA68Don Hertzfeldt
0%
Royaume-Uni65, 219, 244Emeric Pressburger
0%
Serbie190Emir Kusturica
0%
Italie171Ettore Scola
0%
Allemagne164Florian Henckel von Donnersmarck
0%
France149Florian Zeller
0%
USA110Gene Kelly
0%
USA51Irvin Kershner
0%
France134Jacques Demy
0%
USA155John Huston
0%
USA96Joseph L. Mankiewicz
0%
France197Jules Dassin
0%
USA25Justin K. Thompson
0%
Japon136Juzo Itami
0%
Japon165Katsuhiro Otomo
0%
Japon24Kayuza Tsurumaki
0%
USA25Kemp Powers
0%
Japon66, 185Kenji Mizoguchi
0%
Russie67Larisa Shepitko
0%
USA232Leo McCarey
0%
Japon243Makoto Shinkai
0%
France187Marcel Carné
0%
Royaume-Uni65, 219, 244Michael Powell
0%
France192Michel Gondry
0%
Royaume-Uni224Mike Leigh
0%
USA198Mike Nichols
0%
Autriche238Otto Preminger
0%
USA44Paul Schrader
0%
USA105Peter Bogdanovich
0%
USA43Peter Ramsey
0%
USA85, 98Richard Linklater
0%
USA239Rob Minkoff
0%
USA43Rodney Rothman
0%
Japon248Ryusuke Hamaguchi
0%
Russie144Sergueï Bondartchouk
0%
Japon205Shinji Aoyama
0%
USA110Stanley Donen
0%
USA191Stanley Kramer
0%
Japon241Tatsuya Isihara
0%
Japon142Toshio Matsumoto
0%
Italie126, 217Vittorio de Sica
0%
Brésil206Walter Salles
0%
Japon241Yasuhiro Takemoto
0%
Chine151Zhang Yimou
0%
Hongrie147Zoltán Fábri
0%

Distribution des résultats

Percentile par nombre de réponses

% des personnes avec chaque résultat

Votre développement - résultats

Vous n’avez pas pris ce quiz depuis la dernière actualisation